000
00240nam a2200097Ia 4500
001
722065
005
20250826163304.0
008
250824s9999 xx 000 0 und d
245
0
_a
GİZEMLİ ADAM
_c
JACK SAILOR
260
_b
GENÇ HAYAT YAYINLARI
999
_c
722065
_d
722065